00928cam a2200229 a 450000100100000000500170001000800410002702000150006804000250008308200170010810000370012524501020016226000970026430000210036150400550038265000480043770000320048591000340051704900090055195201210056099900170068100001518520200929163957.0871013s1987 txu b 000 0 spa  a0311270220 aDO-SdBNPbspacBNPHU a248.4bS677t1 aSobrinho, João Falcão93439910aTeología de la mayordomía cristiana /cJoão Falcão Sobrinho ; traducción N. Aldo Broda. aEstados Unidos :bComisión de Mayordomía Total ;bCasa Bautista de Publicaciones,c1987. a136 p. ;c22 cm. aIncluye referencias bibliográficas : p. 133-136. 4aVida cristianaxEnseñanza bíblica983281 aBroda, N. Aldo,etr.934400 aCatalogación por copia / LC aBNGR 001054708MOaGRbGRcCTd2010-02-02iLF1l0o248.4 S677tp15185-10r2020-06-25w2020-06-25y4ZPréstamo en sala c14756d14756